[Event "Catalunya-chT"]
[Site "Barcelona"]
[Date "2002.??.??"]
[Round "9"]
[White "Satorra Civit, Juan"]
[Black "Walter Travella, German"]
[Result "1-0"]
[WhiteElo "2175"]
[BlackElo "2135"]
[PlyCount "113"]
[EventDate "2002.??.??"]
[EventType "team-tourn"]
[EventRounds "9"]
[EventCountry "ESP"]
[SourceTitle "EXT 2008"]
[Source "ChessBase"]
[SourceDate "2007.11.25"]
[SourceVersion "1"]
[SourceVersionDate "2007.11.25"]
[SourceQuality "1"]

1. d4 Nf6 2. Nf3 b5 3. e3 a6 4. c4 bxc4 5. Bxc4 e6 6. Nc3 Bb7 7. 0-0 Bb4 8. Qb3 Bxf3 9. Qxb4 Bc6 10. e4 a5 11. Qa3 Nxe4 12. d5 Nd6 13. Bd3 Bb7 14. Bf4 0-0 15. Bxd6 cxd6 16. Qxd6 Na6 17. Rad1 Nb4 18. Be4 Ra6 19. Qc5 Qa8 20. Qb5 exd5 21. Nxd5 Nxd5 22. Bxd5 Bc6 23. Qc5 Qb8 24. Rfe1 Qxb2 25. Bxf7+ Kxf7 26. Qc4+ Kg6 27. Rd6+ Rf6 28. Rxf6+ Kxf6 29. Qxa6 Qxa2 30. Qd3 Qd5 31. Qxd5 Bxd5 32. Ra1 Bc6 33. Rxa5 g6 34. f3 Ke6 35. Kf2 Kf6 36. f4 h6 37. h3 Ke6 38. g4 Ke7 39. Ke3 Kf6 40. h4 Kf7 41. f5 Kf6 42. fxg6 Kxg6 43. Kf4 Kf6 44. Rh5 Kg6 45. Ra5 Kf6 46. Rc5 Kg6 47. Rc3 Kf6 48. Rd3 Kg6 49. Rd6+ Kg7 50. Kf5 Ba4 51. Rg6+ Kh7 52. Kf6 d5 53. Rg7+ Kh8 54. Kg6 h5 55. Rc7 Be8+ 56. Kh6 Kg8 57. g5 1-0

[Event "Catalunya-chT"]
[Site "Barcelona"]
[Date "2002.??.??"]
[Round "3"]
[White "Tebar Ramon, Juan Bosco"]
[Black "Satorra Civit, Juan"]
[Result "0-1"]
[WhiteElo "2110"]
[BlackElo "2175"]
[PlyCount "48"]
[EventDate "2002.??.??"]
[EventType "team-tourn"]
[EventRounds "9"]
[EventCountry "ESP"]
[SourceTitle "EXT 2008"]
[Source "ChessBase"]
[SourceDate "2007.11.25"]
[SourceVersion "1"]
[SourceVersionDate "2007.11.25"]
[SourceQuality "1"]

1. d4 d5 2. Nf3 Nf6 3. Bf4 e6 4. e3 Bd6 5. Ne5 0-0 6. Nd2 c5 7. c3 Qc7 8. Bd3 b6 9. Qf3 Nbd7 10. Nxd7 Nxd7 11. Qh3 g6 12. Qh6 e5 13. dxe5 Bxe5 14. Nf3 Re8 15. Bxe5 Nxe5 16. Nxe5 Qxe5 17. 0-0-0 Qf6 18. f3 Bb7 19. h4 Qe5 20. e4 dxe4 21. h5 g5 22. Bxe4 Qf4+ 23. Kc2 Bxe4+ 24. fxe4 Re6 0-1

[Event "Gent Gran-ch"]
[Site "Gent Gran"]
[Date "1996.??.??"]
[Round "8"]
[White "Alcala Gasso, Joan"]
[Black "Satorra Civit, Juan"]
[Result "1/2-1/2"]
[WhiteElo "2015"]
[BlackElo "2240"]
[PlyCount "111"]
[EventDate "1996.??.??"]
[EventType "swiss"]
[EventRounds "9"]
[EventCountry "ESP"]
[SourceTitle "EXT 2003"]
[Source "ChessBase"]
[SourceDate "2002.11.25"]
[SourceVersion "1"]
[SourceVersionDate "2002.11.25"]
[SourceQuality "1"]

1. d4 Nf6 2. e3 e6 3. f4 c5 4. Nf3 b6 5. c3 Ba6 6. Bxa6 Nxa6 7. Qd3 Qc8 8. 0-0 g6 9. Nbd2 Bg7 10. Nc4 0-0 11. h3 d5 12. Ncd2 c4 13. Qc2 Qb7 14. Kh2 Nc7 15. g4 Nb5 16. Rg1 Nd6 17. Nf1 Nfe4 18. Bd2 b5 19. Be1 a5 20. N3d2 Rfc8 21. Bg3 b4 22. Nxe4 Nxe4 23. Nd2 Nxd2 24. Qxd2 f5 25. gxf5 exf5 26. h4 Ra6 27. Rg2 Rb6 28. Rag1 Rb8 29. Be1 bxc3 30. Qxc3 Rxb2 31. Qxa5 Rxg2+ 32. Rxg2 Ra8 33. Qb4 Qxb4 34. Bxb4 Bf8 35. Bxf8 Kxf8 36. Kg3 Rb8 37. Kf3 Kf7 38. Rc2 Rb1 39. Rc3 Rb2 40. Ra3 Rh2 41. Ra7+ Ke6 42. Rxh7 Rxa2 43. h5 gxh5 44. Rh6+ Kf7 45. Rxh5 Kg6 46. Rh1 Rd2 47. Rc1 Kf6 48. Rc3 Ke6 49. Ra3 Rb2 50. Rc3 Kd6 51. Ra3 Kc6 52. Ra5 Rb4 53. Ra6+ Rb6 54. Ra5 Rb2 55. Ra4 Rb5 56. Ra8 1/2-1/2

[Event "Gent Gran-ch"]
[Site "Gent Gran"]
[Date "1996.??.??"]
[Round "9"]
[White "Satorra Civit, Juan"]
[Black "Queralto Roger, Esteve"]
[Result "1/2-1/2"]
[WhiteElo "2240"]
[BlackElo "1970"]
[PlyCount "101"]
[EventDate "1996.??.??"]
[EventType "swiss"]
[EventRounds "9"]
[EventCountry "ESP"]
[SourceTitle "EXT 2003"]
[Source "ChessBase"]
[SourceDate "2002.11.25"]
[SourceVersion "1"]
[SourceVersionDate "2002.11.25"]
[SourceQuality "1"]

1. d4 Nf6 2. Nf3 g6 3. c4 Bg7 4. Nc3 d6 5. g3 0-0 6. Bg2 Nbd7 7. 0-0 Rb8 8. e4 e5 9. d5 Ne8 10. Ne1 f5 11. Nd3 Ndf6 12. f3 Bd7 13. b4 fxe4 14. fxe4 Qc8 15. c5 Bh3 16. Nf2 Bxg2 17. Kxg2 Nh5 18. a4 c6 19. Be3 a6 20. Rc1 Qd8 21. Qd2 Rf7 22. Nh3 Rd7 23. Ng5 Nhf6 24. dxc6 bxc6 25. Qa2+ Kh8 26. cxd6 Nxd6 27. Bc5 Rbb7 28. Rc2 Qg8 29. Qxg8+ Kxg8 30. Rd1 Nf7 31. Nxf7 Kxf7 32. Kf3 Ke6 33. h3 Rxd1 34. Nxd1 Nd7 35. Nf2 Nxc5 36. Rxc5 Kd6 37. Rc4 Rf7+ 38. Ke2 Rb7 39. Nd3 Bf8 40. Nc5 Ra7 41. Rc3 Ke7 42. Kd3 Bh6 43. Nb3 Rb7 44. Na5 Rd7+ 45. Kc2 Rd2+ 46. Kb3 Rh2 47. Nxc6+ Kd6 48. g4 Bd2 49. Rc4 Rxh3+ 50. Kc2 Rh2 51. Kd3 1/2-1/2

[Event "Gent Gran-ch"]
[Site "Gent Gran"]
[Date "1996.??.??"]
[Round "1"]
[White "Vazquez Chaves, Santiago"]
[Black "Satorra Civit, Juan"]
[Result "1/2-1/2"]
[WhiteElo "1965"]
[BlackElo "2240"]
[PlyCount "43"]
[EventDate "1996.??.??"]
[EventType "swiss"]
[EventRounds "9"]
[EventCountry "ESP"]
[SourceTitle "EXT 2003"]
[Source "ChessBase"]
[SourceDate "2002.11.25"]
[SourceVersion "1"]
[SourceVersionDate "2002.11.25"]
[SourceQuality "1"]

1. d4 Nf6 2. Bg5 e6 3. e4 Be7 4. e5 Nd5 5. Bxe7 Nxe7 6. Bd3 d5 7. f4 c5 8. c3 cxd4 9. cxd4 Qa5+ 10. Qd2 Qxd2+ 11. Nxd2 Nbc6 12. Ne2 Bd7 13. Rc1 Rc8 14. a3 0-0 15. 0-0 f6 16. Nf3 fxe5 17. Nxe5 Nxe5 18. fxe5 Rxf1+ 19. Kxf1 Rxc1+ 20. Nxc1 Be8 21. g4 h5 22. h3 1/2-1/2